书目信息 |
| 题名: |
模糊语义学
|
|
| 作者: | 张乔, 著 | |
| 分册: | ||
| 出版信息: | 北京 中国社会科学出版社 1998.2 |
|
| 页数: | 235页 | |
| 开本: | 20cm | |
| 丛书名: | 当代语言学理论丛书 | |
| 单 册: | ||
| 中图分类: | H030 , CN | |
| 科图分类: | ||
| 主题词: | 语义学--yu yi xue | |
| 电子资源: | ||
| ISBN: | 7-5004-2075-7 | |
| 000 | 01230nam0 2200349 450 | |
| 000 | 01248nam0 2200349 450 | |
| 000 | 01211nam0 2200337 450 | |
| 000 | 01168nam0 2200325 450 | |
| 000 | 01136nam0 2200313 450 | |
| 000 | 01099nam 2200301 450 | |
| 001 | CAL 012006070303 | |
| 005 | 20061031094951.89 | |
| 010 | @a7-5004-2075-7@dCNY20.00 | |
| 099 | @aCAL 012006070303 | |
| 100 | @a20060825e20041998em y0chiy0120 ea | |
| 101 | 0 | @achi |
| 102 | @aCN@b110000 | |
| 105 | @ay z 000yy | |
| 200 | 1 | @a模糊语义学@Amo hu yu yi xue@d= Fuzzy semantics@f张乔著@zeng |
| 210 | @a北京@c中国社会科学出版社@d1998.2@h2004.4重印 | |
| 215 | @a235页@d20cm | |
| 225 | 2 | @a当代语言学理论丛书@Adang dai yu yan xue li lun cong shu@d= Contemporary linguistic theory series@zeng |
| 314 | @a张乔(1957-), 生于辽宁省大连市, 博士学位, 现任教于新西兰奥克兰大学, 著有《模糊语义学》。 | |
| 330 | @a本书主要包括: 引言; 模糊语义学综述; 模糊、含糊、概括、歧义; 模糊语义的特点等内容。 | |
| 461 | 0 | @12001 @a当代语言学理论丛书 |
| 510 | 1 | @aFuzzy semantics@zeng |
| 606 | 0 | @a语义学@Ayu yi xue |
| 690 | @aH030@v4 | |
| 690 | 0 | @aCN@bSRXX@c20060825 |
| 701 | 0 | @a张乔,@Azhang qiao@f1957-@4著 |
| 801 | 0 | @c20061031 |
| 905 | @a10447@dH030@eZ156 | |
| 模糊语义学= Fuzzy semantics/张乔著.-北京:中国社会科学出版社,1998.2(2004.4重印) |
| 235页;20cm.-(当代语言学理论丛书= Contemporary linguistic theory series) |
| ISBN 7-5004-2075-7:CNY20.00 |
| 本书主要包括: 引言; 模糊语义学综述; 模糊、含糊、概括、歧义; 模糊语义的特点等内容。 |
| ● |
| 相关链接 |
|
|
|
正题名:模糊语义学
索取号:H030/Z156
 
预约/预借
| 序号 | 登录号 | 条形码 | 馆藏地/架位号 | 状态 | 备注 |
| 1 | 630655 | 206306558 | 语言库209/209语言库 66排2列1层/ [索取号:H030/Z156] | 在馆 | |
| 2 | 630656 | 206306567 | 社科二线400B/400B社科库 8排2列2层/ [索取号:H030/Z156] | 在馆 |